000
00300nam a2200109Ia 4500
008
230907s9999||||xx |||||||||||||| ||und||
082
_a
662.62
_b
MIL-C
100
_a
Miller, Bruce G.,
245
0
_a
Coal energy systems
260
_a
Elsevier Academic Press,
_b
Amsterdam ; | Boston :
_c
2005
942
_c
BK
999
_c
596165
_d
596165